000 02011nam a2200265 a 4500
001 000014066
005 20200929163447.0
008 091203s2006 dr a 000 0 spa d
020 _z9993432067
040 _aDO-SdBNP
_bspa
_cBNPHU
082 _a331.88097293
_bG633s
100 1 _aGómez Cerda, José,
_98583
245 1 3 _aEl sindicalismo en la República Dominicana /
_cJosé Gómez Cerda ; prólogo Henry Molina.
260 _aSanto Domingo :
_bArgos,
_c2006.
300 _a151 p. :
_bil. ;
_c23 cm.
500 _aIncluye datos biográficos del autor en las solapas
505 0 _aPrólogo --
_tLOS ANTECEDENTES --
_tHISTORIA DEL SINDICALISMO DOMINICANO 1961-1979 --
_tSITUACION ECONOMICA --
_tTurismo --
_tLas remesas de dominicanos en el exterior --
_tEl Tratado de Libre Comercio --
_tEL SISTEMA DE SEGURIDAD SOCIAL DOMINICANO --
_tLos fondos de pensiones --
_tLas viviendas y los trabajadores --
_tEL ENTORNO INTERNACIONAL --
_tLos trabajadores dominicanos y el Tratado de Libre Comercio (TLC) --
_tEl caso de Chile --
_tEl caso de México --
_tEl desarrollo de los recursos humanos --
_tProceso de unidad en el Caribe --
_tRemesas --
_tEL TRABAJO Y EL SINDICALISMO --
_tEl trabajo humano --
_tEl movimiento de los trabajadores --
_tSindicalismo humanista --
_tSindicalismo autónomo --
_tSindicalismo ideológico --
_tSindicalismo y competitividad --
_tLA EDUCACION Y LAS COMUNICACIONES --
_tLa educación permanente --
_tCultura y globalización --
_tEl movimiento de trabajadores y las comunicaciones electrónicas --
_tCONCLUSIÓN --
_tActualidad sindical --
_tLos cuadros militantes del sindicalismo --
_tModernización del sindicalismo.
590 _aLa biblioteca posee un ejemplar autografiado por el autor.
590 _aInventariado, 2018/VM
650 4 _aSindicalismo
_zRepública Dominicana
_xHistoria
_931867
650 4 _aTrabajo y trabajadores
_zRepública Dominicana
_97272
650 4 _aDerechos de los trabajadores
_910032
700 1 _aMolina, Henry,
_epról.
_97271
910 _aValidado. Control de calidad MFF
999 _c13668
_d13668